00552nam a2200145Ia 4500041001200000082001200012100010900024245011900133260006600252300000900318536001000327650002200337650002200359650002500381 aEnglish aRL.0046 aLaturkar, Vani N.uSchool of Commerce and Management Sciences, S.R.T.M. UniversityvNanded, Maharashtra  2aA study of impact of fee based policies of Banks on their profitability and customer behavior / cVani N. Laturkar aNew Delhi :bIndian Council of Social Science Research,c2015 a255p aICSSR aBanks and Banking aCustomer services aBank service charges